| 000 | 00522nam a22001817a 4500 | ||
|---|---|---|---|
| 003 | NUST - PNEC | ||
| 005 | 20170116180818.0 | ||
| 008 | 150611b xxu||||| |||| 00| 0 eng d | ||
| 020 | _a0716721791 | ||
| 040 | _cLIBRARY | ||
| 082 | _a540 MCQ | ||
| 100 |
_93869 _aMcQuarrie, Carole H. |
||
| 245 |
_aStudy guide, solutions manual to accompany General chemistry _cDonald A. McQuarrie |
||
| 260 |
_aNew York _bW.H. Freeman & Company _cc1984. |
||
| 300 | _a709 p. : | ||
| 650 |
_93870 _aChemistry _xGeneral |
||
| 942 |
_2ddc _cBK |
||
| 999 |
_c63618 _d63618 |
||